000 00554nam a22002177a 4500
003 UA-OsUOA
001 46599
007 ta
008 20070703b un ||||| |||| 00| 0 ukr d
090 _a82.09
_bД70
942 _cBK
040 _aUA-OsUOA
_bukr
_cUA-OsUOA
_dUA-OsUOA
245 _aДослідження з мови та літератури
300 _a118 с.
955 _a2
041 _aukr
080 _a82.09
260 _aК.
_c1957
650 7 _a82 Література. Літературознавство
_2UDC
999 _c332690
_d332690